000 00254nam a2200085Ia 4500
008 170620s9999 xx 000 0 und d
100 _aKumari- Chodavarapu Jalaja
245 0 _aMethods of Teaching Education Technology
260 _bNew Delhi- Discovery Publishing House
260 _c2006
999 _c24449
_d24449